Aktuální a připravované změny české právní úpravy cestovního ruchu

Prehľad zmien českej právnej úpravy cestovného ruchu, slúžiacej aj ako úvod pre špeciálne právne zamerané číslo časopisu Studia Turistica. Právna úprava cestovného ruchu zasahuje najmä do obchodného, ​​občianskeho a správneho práva, pričom je výrazne ovplyvnená európsky právom, teda predpismi EÚ.

Salvato in:
Dettagli Bibliografici
Autore principale: Králová, Renata
Altri autori: Petráš, René
Natura: Capitolo di libro
Lingua:ceco
Soggetti:
Tags: Aggiungi Tag
Nessun Tag, puoi essere il primo ad aggiungerne!!

MARC

LEADER 00000naa a2200000 4500
001 0304547
005 20241011091321.8
041 0 |a cze 
044 |a CZ 
245 1 0 |a Aktuální a připravované změny české právní úpravy cestovního ruchu  |c Renata Králová, René Petráš 
520 |a Prehľad zmien českej právnej úpravy cestovného ruchu, slúžiacej aj ako úvod pre špeciálne právne zamerané číslo časopisu Studia Turistica. Právna úprava cestovného ruchu zasahuje najmä do obchodného, ​​občianskeho a správneho práva, pričom je výrazne ovplyvnená európsky právom, teda predpismi EÚ. 
610 2 0 |a právo 
610 2 0 |a legislatíva 
610 2 0 |a zákony 
610 2 0 |a Česko 
610 2 0 |a pandémia 
610 2 0 |a zmennosť 
610 2 0 |a úpravy právne 
610 2 0 |a ruch cestovný 
100 1 |a Králová, Renata 
700 1 |a Petráš, René